Jesús es mi vida!

Na minha lista:
Detalhes bibliográficos
Autor principal: Hoppe, Alfredo (Author)
Formato: Livro
Idioma:espanhol
Publicado em: Wiesbaden Catolica e Imprenta J. Steinbrener 1924
Edição:1a. ed
Assuntos:
Tags: Adicionar Tag
Sem tags, seja o primeiro a adicionar uma tag!

MARC

LEADER 00000cam a2200000 a 4500
001 UCD0067
003 CL-VaPUC
008 151112e19240000gw |||||||||||||||||spa|d
082 0 4 |a 232.9  |b HOP  |2 21 
100 0 |a Hoppe, Alfredo  |e author  |9 583059 
245 1 0 |a Jesús es mi vida! 
250 |a 1a. ed 
300 |a t 
942 |c BK 
945 |d 20151112 20:22:00  |a gsalatino 
260 |a Wiesbaden  |b Catolica e Imprenta J. Steinbrener  |c 1924 
650 0 |a Vida de Jesús  |9 478097 
650 7 |a EVANGELIZACION  |2 CL-VaPUC  |9 583061 
650 0 |a Cristianismo  |9 257361 
583 |a last modification  |c 20151112 20:22:00  |k Rodrigo Vera 
999 |c 361689  |d 361687 
952 |0 0  |1 0  |3 erd  |4 0  |6 232_900000000000000_HOP_1924  |7 0  |8 P  |9 472328  |a BIBTEO  |b BIBTES  |c TEO_FTES  |i 5209900  |o 232.9 HOP 1924  |p 5209900  |r 2024-01-18  |w 2019-11-24  |y BK  |z Catalogado en:20151112  |k ICR